|
|
|
|
| LEADER |
00000nab a2200000 ar4500 |
| 001 |
vtls010192025 |
| 003 |
SK-MaSNL |
| 005 |
20260303192547.0 |
| 008 |
101125c20101113xo |||||||||||000 b|slo |
| 015 |
|
|
|a SNBRB2010/11
|2 snkbucl
|
| 038 |
|
|
|a SNKBUCL
|
| 040 |
|
|
|a SNKBUCL
|b slo
|c SNKBUCL
|e AACR2
|
| 041 |
0 |
|
|a slo
|
| 044 |
|
|
|a xo
|c SK
|
| 080 |
|
|
|a 796.325.093.1
|2 2001
|
| 245 |
0 |
0 |
|a Extraliga volejbalistiek - dohrávka 6. kola
|b Žilina - COP Nitra 0:3 (-21, -24, -19)
|
| 300 |
|
|
|b Tab.
|
| 648 |
|
7 |
|a sezóna 2010/2011
|2 snkbucl
|9 1038786
|
| 650 |
0 |
7 |
|a volejbal
|2 snkbucl
|9 3294
|
| 650 |
0 |
7 |
|a 6. kolo
|2 snkbucl
|9 872725
|
| 650 |
0 |
7 |
|a ženy
|2 snkbucl
|9 4865
|
| 650 |
0 |
7 |
|a extraliga
|2 snkbucl
|9 18992
|
| 773 |
0 |
|
|t Šport
|g Roč. 64, č. 262 (13.11.2010), s. 38
|x 0139-7001
|
| 852 |
|
|
|a SNK
|b KIS3GCP
|
| 856 |
4 |
1 |
|u http://denniksport.sk/article/153863/zilina-cop-nitra-0-3-21-24-19
|
| 999 |
|
|
|c 2147021
|d 2148951
|